000
00272nam a22000857a 4500
008
240104b ||||| |||| 00| 0 eng d
100
_a
The Gossip Printery
245
_a
The Dvorak Specialized Catalog of U. S. Air Mail Covers
260
_a
Holton, Kansas
_b
The Gossip Printery
_c
1930
999
_c
3578
_d
3578